Integration of the Rust programming language into IoT embedded systems development

Na minha lista:
Detalhes bibliográficos
Autor principal: Babak, Oleksandr (Author)
Outros Autores: Ravas, Stanislav (Thesis advisor)
Formato: Manuscrito Livro
Idioma:eslovaco
inglês
Publicado em: 2026
Assuntos:
Acesso em linha:http://is.stuba.sk/zp/portal_zp.pl?podrobnosti=179269
Tags: Adicionar Tag
Sem tags, seja o primeiro a adicionar uma tag!

MARC

LEADER 00000ntm a22000003a 4500
001 stuzp108429
003 SK-STU
005 20260207210340.9
007 ta
008 150427s2015----xo-----f-mn---000-0-slo-d
040 |a STU  |b slo 
041 0 |a eng 
100 1 |a Babak, Oleksandr  |u 070400  |4 aut  |U FIIT Fakulta informatiky a informačných technológií  |T FIIT Ústav počítačového inžinierstva a aplikovanej informatiky  |X 122965  |U I400  |Y 672  |7 122965 
242 0 1 |a Integrácia programovacieho jazyka Rust do vývoja vstavaných systémov IoT  |y slo 
245 1 0 |a Integration of the Rust programming language into IoT embedded systems development 
260 |c 2026 
650 4 |a Rust  |2 slo 
650 4 |a IoT  |2 slo 
650 4 |a RTOS  |2 slo 
650 4 |a Rust  |2 eng 
650 4 |a IoT  |2 eng 
650 4 |a RTOS  |2 eng 
700 1 |a Ravas, Stanislav  |4 ths  |X 11678  |7 A000011678 
856 4 |u http://is.stuba.sk/zp/portal_zp.pl?podrobnosti=179269